[Event "Olympiad Women-38"]
[Site "Dresden"]
[Date "2008.11.25"]
[Round "11"]
[White "Puuska, Heini"]
[Black "Qane, Chnar"]
[Result "1-0"]
[WhiteElo "2008"]
[BlackElo "1913"]
[PlyCount "57"]
[EventDate "2008.11.13"]
[EventType "team-swiss"]
[EventRounds "11"]
[EventCountry "GER"]
[SourceTitle "CBM 128"]
[Source "ChessBase"]
[SourceDate "2009.01.28"]
[SourceVersion "1"]
[SourceVersionDate "2009.01.28"]
[SourceQuality "1"]
[WhiteTeam "Finland (W)"]
[BlackTeam "Iraq (W)"]
[WhiteTeamCountry "FIN"]
[BlackTeamCountry "IRQ"]

1. d4 d5 2. Bg5 Nd7 3. Nf3 Ngf6 4. Nc3 e6 5. e4 dxe4 6. Nxe4 Be7 7. Ng3 h6 8. Be3 b6 9. Bd3 Bb7 10. 0-0 Bd6 11. Re1 Nd5 12. Bd2 0-0 13. Ne5 N7f6 14. Qc1 h5 15. Bg5 Be7 16. Qd1 Nb4 17. Bc4 g6 18. c3 Nbd5 19. Qe2 Kg7 20. Rad1 h4 21. Nf1 Nh5 22. Bxe7 Qxe7 23. Ne3 Nhf4 24. Qg4 Nxe3 25. fxe3 Nh5 26. Rf1 Rae8 27. Rxf7+ Rxf7 28. Qxg6+ Kh8 29. Nxf7+ 1-0